Gestion pública en el sector rural /
Guardat en:
| Autor principal: | |
|---|---|
| Format: | Thesis Llibre |
| Idioma: | espanyol |
| Publicat: |
Guadalajara, México :
edición de autor,
2015
|
| Matèries: | |
| Etiquetes: |
Sense etiquetes, Sigues el primer a etiquetar aquest registre!
|
MARC
| LEADER | 00000nam^a2200000^a^4500 | ||
|---|---|---|---|
| 001 | 000355822 | ||
| 005 | 20250521000000.0 | ||
| 009 | 20260310115213.796 | ||
| 037 | |a Acervo ITESO - Biblioteca | ||
| 041 | |a ESP | ||
| 090 | |a MPG. 79 | ||
| 100 | |a Ramos García, Noé Saúl |e (autor) | ||
| 245 | 1 | 0 | |a Gestion pública en el sector rural / |c N.S. Ramos García. |
| 264 | 1 | |a Guadalajara, México : |b edición de autor, |c 2015 | |
| 300 | |a 1 tesis electrónica en disco (81 p.) | ||
| 300 | |a 1 disco compacto de computadora | ||
| 336 | |a datos para computadora |b cod |2 rdacontenido | ||
| 337 | |a computadora |b c |2 rdamedio | ||
| 338 | |a disco de computadora |b cd |2 rdasoporte | ||
| 502 | |a ITESO Reporte Profesional de Maestría en Política y Gestión Pública | ||
| 530 | |a Existe una edición en formato digital en línea con el mismo título | ||
| 649 | |a XX | ||
| 650 | |a Campesinos Jaliscienses - |x Condiciones Económicas | ||
| 650 | |a Campesinos Jaliscienses - |x Condiciones Jurídicas | ||
| 650 | |a Pequeña Propiedad - |z Jalisco - |x Tema Principal | ||
| 650 | |a Pequeña Propiedad - |z México | ||
| 650 | |a Derecho de Propiedad - |z Jalisco | ||
| 650 | |a Derecho de Propiedad - |z México | ||
| 650 | |a Programas Sociales - |z Jalisco | ||
| 650 | |a Programas Sociales - |z México | ||
| 650 | |a Política Social - |z Jalisco | ||
| 650 | |a Política Social - |z México | ||
| 650 | |a Desarrollo Rural - |z Jalisco - |x Tema Principal | ||
| 650 | |a Desarrollo Rural - |z México | ||
| 650 | |a Desarrollo Económico-Social - |z Jalisco | ||
| 650 | |a Desarrollo Económico-Social - |z México | ||
| 650 | |a Política - |z Jalisco - |x Historia - |y 1990-1999 | ||
| 650 | |a Política - |z Jalisco - |x Historia - |y Siglo XXI | ||
| 650 | |a Política - |z México - |x Historia - |y 1990-1999 | ||
| 650 | |a Política - |z México - |x Historia - |y Siglo XXI | ||
| 910 | |a Fondo General | ||
| 920 | |a Electrónicos - Tesis del ITESO en Disco | ||
| 905 | |a 202 | ||
| 901 | |a 0500248841 |b IT2 |c STS |i D70594 |u 20250521 | ||
| 902 | |a https://opac.biblio.iteso.mx/vufind/Record/000355822 | ||